| 000 | 00551nam a22002057a 4500 | ||
|---|---|---|---|
| 003 | OSt | ||
| 005 | 20140310182946.0 | ||
| 008 | 130205t xxu||||| |||| 00| 0 eng d | ||
| 020 | _a9789712723728 | ||
| 050 |
_aDS 675.8 _b.D877 2010 |
||
| 082 |
_aFIL 920 _bD88 2010 |
||
| 245 |
_aRizal _bhis legacy to Philippine society _cDuka, Cecilio D. |
||
| 260 |
_aManila _bAnvil Publishing Inc. _cc2010 |
||
| 300 |
_a158 p. _c26 cm. |
||
| 521 | _acollege students | ||
| 526 | _c1210L-1700L | ||
| 541 | _j1 | ||
| 562 | _e1 | ||
| 942 |
_2lcc _cBK _kFIL |
||
| 999 |
_c17816 _d17816 |
||